British Romanticism and the science of the mind

In this provocative and original study, Alan Richardson examines an entire range of intellectual, cultural, and ideological points of contact between British Romantic literary writing and the pioneering brain science of the time. Poets such as Wordsworth, Coleridge, and Keats, and novelists such as...

Volledige beschrijving

Bewaard in:
Bibliografische gegevens
Hoofdauteur: Richardson, Alan
Formaat: Boek
Taal:Undetermined
Gepubliceerd in: Cambridge,New York Cambridge University Press 2001
Onderwerpen:
Tags: Voeg label toe
Geen labels, Wees de eerste die dit record labelt!
Thư viện lưu trữ: Trung tâm Học liệu Trường Đại học Cần Thơ
LEADER 01481nam a2200241Ia 4500
001 CTU_167356
008 210402s9999 xx 000 0 und d
020 |c 90 
082 |a 820.9356 
082 |b R511 
100 |a Richardson, Alan 
245 0 |a British Romanticism and the science of the mind 
245 0 |c Alan Richardson 
260 |a Cambridge,New York 
260 |b Cambridge University Press 
260 |c 2001 
520 |a In this provocative and original study, Alan Richardson examines an entire range of intellectual, cultural, and ideological points of contact between British Romantic literary writing and the pioneering brain science of the time. Poets such as Wordsworth, Coleridge, and Keats, and novelists such as Jane Austen and Mary Shelley, are shown to have shared a surprising extent of common ground with pioneering brain scientists including Erasmus Darwin and F. J. Gall. It demonstrates the value for literary and cultural history of learning from recent work in neuroscience and cognitive science 
650 |a English literature,Literature and science,Brain,Mind and body in literature,Văn học Anh,Tâm hồn và thể xác trong văn học 
650 |x History and criticism,History,Research,History,Lịch sử và phê bình 
650 |y 19th century,19th century,19th century,Thế kỷ 19 
650 |z Great Britain,Great Britain 
910 |a Nguyên 
980 |a Trung tâm Học liệu Trường Đại học Cần Thơ